| 000 | 00657nam a2200181 i 4500 | ||
|---|---|---|---|
| 001 | 155937 | ||
| 003 | ES-MaACL | ||
| 005 | 20250702063109.0 | ||
| 008 | 180313e1889 sp |||| | spa d | ||
| 245 | 0 | 0 |
_aReglamento para la vacunación obligatoria y revacunaciones del personal de la Armada : _baprobado por S. M. en 26 de octubre de 1888. |
| 260 |
_aMadrid : _b[s.n.], _c1889 _f(Tip. de los Huérfanos) |
||
| 300 |
_a19 páginas ; _c22 cm. |
||
| 650 | 0 | 4 |
_aVacunación _9136969 |
| 852 |
_aES-MaACL _cDEPOF _hDonativo de Vicente Cabello _jT-946-F-7 |
||
| 942 |
_2udc _cFOLLETOS _n0 |
||
| 999 |
_c155937 _d155937 |
||